000 01534nam a2200217Ia 4500
003 Ost
005 20260507075110.0
008 260507s9999||||xx |||||||||||||| ||und||
040 _cfsecg
041 _aara
082 _a330
100 _aالشرقاوي، على
_eمؤلف
245 0 _aالعمليات الادارية :
_bوظائف المدرين /
_c على الشرقاوي
250 _aطبعة 3
260 _aالاسكندرية:
_bدار الجامعية الجديدة للنشر,
_c2002
300 _c24 سم
520 _aفي هذا الكتاب القسم الاول : المفاهيم الأساسية 1/ ماهية الادارة 2/ تطور المبادئ والممارسات الادارية القديمة 3/ المدارس المنظمة لدارسة الادارة القسم الثاني : الادارة والمدريرون 1/ المديرون وظائفهم وأسلوب ممارستها 2/اتخاذ القرارات القسم الثالث : الوظائف الادارية 3/التخطيط 4/عناصر التخطيط 5/التخطيط الاستراتيجي 6/التنظيم وماهيته وأنواعه 7/التنظيم : تقسيم وتحليل العمل 8/التنظيم : تكوين وحدات العمل 9/التنظيم : علاقات السلطة المسؤولة 10/نقاط الاشراف 11/ التوجيه 12/الدافعية 13/ الاتصال 14/ الرقابة .
653 _aادارة
653 _aالمدير
942 _cكتاب
999 _c42882
_d42882